000 00367nam a2200121Ia 4500
008 250110s9999 xx 000 0 und d
041 _aeng
100 _aThakoor Sarika
_9182666
245 _aDesign Of A Sustainable Distillery Plant In A Draught Prone Zone
260 _bM.Arch Environmental, Pune
_c2014
300 _a86p
700 _aGuide Name:karve sujata
_9210341
999 _c363533
_d363533